000 00432pab a2200157 454500
008 180718b2011 xxu||||| |||| 00| 0 eng d
100 _aMcKenzie, Evan
245 _aPresent at the creation: The public administration profession and residential private government
260 _c2011
300 _ap.543-545.
362 _aJul-Aug
650 _aHousing
773 _aPublic Administration Review
908 _aN
909 _a92812
999 _c92812
_d92812